| 000 | 00627cam a22002053a 4500 | ||
|---|---|---|---|
| 001 | 45341 | ||
| 003 | PGUSA | ||
| 005 | 20140828084039.0 | ||
| 008 | 140407s2014||||xxu|||||s|||||000 | eng d | ||
| 040 |
_aPGUSA _beng |
||
| 042 | _adc | ||
| 100 | 1 |
_aHerbert, Henry William, _d1807-1858 |
|
| 245 | 1 | 0 |
_aWager of Battle : _bA Tale of Saxon Slavery in Sherwood Forest _h[electronic resource] / _cHenry William Herbert |
| 260 |
_bProject Gutenberg, _c2014 |
||
| 506 | _aPublic domain in the USA. | ||
| 516 | _aElectronic text | ||
| 830 | 0 |
_aProject Gutenberg _v45341 |
|
| 856 | 4 | 0 | _uhttp://www.gutenberg.org/ebooks/45341 |
| 942 | _cEB | ||
| 999 |
_c274592 _d274592 |
||